|
|
|
|
| LEADER |
01286nam a2200301 a 4500 |
| 001 |
GR-Antirio559 |
| 008 |
090213s2004 ne b 001 0 gre d |
| 020 |
|
|
|a 0124287514
|
| 040 |
|
|
|a GrPaTEI
|b gre
|c GR-PaULI
|
| 040 |
|
|
|a GrPaTEI
|b gre
|c GR-PaULI
|
| 040 |
|
|
|a GrPaTEI
|b gre
|c GR-PaULI
|
| 082 |
|
0 |
|a 004.65
|2 22
|
| 100 |
0 |
|
|a Kumar, Anurag
|
| 245 |
1 |
0 |
|a Communication Networking :
|b An analytical approach /
|c Kumar, Anurag , Manjunath, D. , Kuri, Joy.
|
| 260 |
|
|
|a Amsterdam , Boston :
|b Elsevier / Morgan Kaufmann Publishers,
|c c 2004
|
| 300 |
|
|
|a xxvii. , 929 σ. :
|b εικ. ;
|c 25 εκ.
|
| 490 |
0 |
|
|a The Morgan Kaufmann series in networking.
|
| 504 |
|
|
|a Περιλαμβάνει βιβλιογραφίες και ευρετήριο.
|
| 650 |
|
0 |
|a MULTIPLEXING
|
| 650 |
|
0 |
|a ROUTERS (COMPUTER NETWORKS)
|
| 653 |
|
|
|a TELECOMMUNICATION -- SWITCHING SYSTEMS
|
| 653 |
|
|
|a TELECOMMUNICATIONS SYSTEMS--MANAGEMENT
|
| 700 |
0 |
|
|a Kuri, Joy
|
| 700 |
0 |
|
|a Manjunath, D.
|
| 942 |
|
|
|2 ddc
|
| 952 |
|
|
|0 0
|1 0
|2 ddc
|4 0
|6 004_650000000000000_KUM
|7 0
|9 261704
|a LISK-2
|b LISK-2
|c BSC
|d 2021-01-17
|e 24
|f 1
|g 0.00
|l 0
|o 004.65 KUM
|p 2430000006629
|q 2021-02-11
|r 2021-01-17 00:00:00
|t 1
|w 2021-01-17
|y BK15
|x 20090213 0 1
|x GrPaTEI - Antirrio
|
| 971 |
|
|
|a .b25703584
|b 01-10-20
|c 12-09-16
|
| 999 |
|
|
|c 151022
|d 151022
|